Normal view
MARC view
- الريماوي،محمد عودة وآخرون ، التل،شادية احمد ، العتوم،عدنان يوسف ، علاونه،شفيق فلاح ، البطش،محمد وليد/تحرير
Entry Personal Name
001 - CONTROL NUMBER
- control field: 27353
003 - CONTROL NUMBER IDENTIFIER
- control field: JO-AjAnu
005 - DATE AND TIME OF LATEST TRANSACTION
- control field: 20230606074640.0
008 - FIXED-LENGTH DATA ELEMENTS
- fixed length control field: 230606|| aca||aabn | a|a d
040 ## - CATALOGING SOURCE
- Original cataloging agency: JO-AjAnu
- Transcribing agency: JO-AjAnu
100 ## - HEADING--PERSONAL NAME
- Personal name: الريماوي،محمد عودة وآخرون ، التل،شادية احمد ، العتوم،عدنان يوسف ، علاونه،شفيق فلاح ، البطش،محمد وليد/تحرير
670 ## - SOURCE DATA FOUND
- Source citation: Work cat.: (JO-AjAnu)14048: الريماوي،محمد عودة وآخرون ، التل،شادية احمد ، العتوم،عدنان يوسف ، علاونه،شفيق فلاح ، البطش،محمد وليد/تحرير, author, علم النفس العام = General Psychology